<?xml version="1.0" encoding="UTF-8"?>
<record
    xmlns:xsi="http://www.w3.org/2001/XMLSchema-instance"
    xsi:schemaLocation="http://www.loc.gov/MARC21/slim http://www.loc.gov/standards/marcxml/schema/MARC21slim.xsd"
    xmlns="http://www.loc.gov/MARC21/slim">

  <leader>00961nam a2200181Ia 4500</leader>
  <datafield tag="952" ind1=" " ind2=" ">
    <subfield code="0">0</subfield>
    <subfield code="1">0</subfield>
    <subfield code="4">0</subfield>
    <subfield code="7">0</subfield>
    <subfield code="a">22</subfield>
    <subfield code="b">22</subfield>
    <subfield code="d">2019-07-24</subfield>
    <subfield code="l">1</subfield>
    <subfield code="o">T RC564 G48 2016</subfield>
    <subfield code="p">11 014016</subfield>
    <subfield code="r">2020-02-06</subfield>
    <subfield code="s">2020-02-06</subfield>
    <subfield code="t">1</subfield>
    <subfield code="w">2019-07-24</subfield>
    <subfield code="y">LB</subfield>
  </datafield>
  <datafield tag="999" ind1=" " ind2=" ">
    <subfield code="c">71048</subfield>
    <subfield code="d">71048</subfield>
  </datafield>
  <controlfield tag="008">120626s2016    mx            000 0 spa d</controlfield>
  <datafield tag="050" ind1=" " ind2=" ">
    <subfield code="a">T RC564</subfield>
    <subfield code="b">G48 2016</subfield>
  </datafield>
  <datafield tag="100" ind1=" " ind2=" ">
    <subfield code="a">Aguilar Reyes, Yessenia</subfield>
    <subfield code="e">sustentante</subfield>
  </datafield>
  <datafield tag="245" ind1=" " ind2=" ">
    <subfield code="a">Los efectos del tratamiento para adicciones en una Instituci&#xF3;n especializada de la Ciudad de M&#xE9;xico</subfield>
    <subfield code="b">: estudio de caso de dos jovenes consumidores de sustancias psicoactivas </subfield>
    <subfield code="c">/ tesis para obtener el t&#xED;tulo de Licenciado en Psicolog&#xED;a, Yessenia Aguilar Reyes y Jacqueline Hern&#xE1;ndez Ju&#xE1;rez; asesor Cesar Javier, Ar&#xE1;mbula R&#xED;os</subfield>
  </datafield>
  <datafield tag="260" ind1=" " ind2=" ">
    <subfield code="a">M&#xE9;xico </subfield>
    <subfield code="b">: s/ed.</subfield>
    <subfield code="c">, 2016</subfield>
  </datafield>
  <datafield tag="300" ind1=" " ind2=" ">
    <subfield code="a">139 p&#xE1;ginas </subfield>
    <subfield code="b">: ilustraciones </subfield>
  </datafield>
  <datafield tag="519" ind1=" " ind2=" ">
    <subfield code="a">  </subfield>
    <subfield code="d"> </subfield>
  </datafield>
  <datafield tag="700" ind1=" " ind2=" ">
    <subfield code="a">Hern&#xE1;ndez Ju&#xE1;rez,  Jacqueline</subfield>
    <subfield code="e">sustentante</subfield>
  </datafield>
  <datafield tag="700" ind1=" " ind2=" ">
    <subfield code="a">Ar&#xE1;mbula R&#xED;os, C&#xE9;sar Javier</subfield>
    <subfield code="e">asesor</subfield>
  </datafield>
  <datafield tag="710" ind1=" " ind2=" ">
    <subfield code="a">Universidad Nacional Aut&#xF3;noma de M&#xE9;xico</subfield>
    <subfield code="e">instituci&#xF3;n que otorga el t&#xED;tulo</subfield>
  </datafield>
  <datafield tag="710" ind1=" " ind2=" ">
    <subfield code="a">Universidad Insurgentes</subfield>
    <subfield code="b">plantel Xola</subfield>
    <subfield code="e">entidad participante</subfield>
  </datafield>
  <datafield tag="942" ind1=" " ind2=" ">
    <subfield code="c">LB</subfield>
  </datafield>
</record>
